| 000 | 00910nam a2200289 i 4500 | ||
|---|---|---|---|
| 001 | bg | ||
| 100 | 1 | _aWIĘCKIEWICZ, Wojciech | |
| 245 | 1 | 0 |
_aObliczanie masy i współrzędnych środka masy statku / _cWojciech Więckiewicz, Sławomir Kucharski. |
| 250 | _aWyd. 2 popr. | ||
| 260 |
_aGdynia : _bWyższa Szkoła Morska, _c1999. |
||
| 300 |
_a120, [6] s. : _bil. ; _c21 cm. |
||
| 490 | 1 | _aBudowa i Teoria Okrętu : wykłady i ćwiczenia | |
| 504 | _aBibliogr. - Indeks. | ||
| 650 | 9 |
_aModele matematyczne _xstosowanie _xmechanika |
|
| 650 | 9 |
_aStatki _xmechanika |
|
| 650 | 9 |
_aStatyka _xzagadnienia |
|
| 655 | _aPodręczniki akademickie | ||
| 700 | 1 | _aKUCHARSKI, Sławomir | |
| 830 | 0 | _aBudowa i Teoria Okrętu | |
| 020 | _a838670313X | ||
| 040 | _cBPK | ||
| 041 | 0 | _apl | |
| 080 | _a629.5:531.2](075.8) | ||
| 920 | _a83-86703-13-X | ||
| 942 | _cKS | ||
| 008 | s pl f |000 0 pol | ||
| 999 |
_c39212 _d39212 |
||
| 856 |
_uhttp://koha.tu.koszalin.pl/cgi-bin/koha/opac-detail.pl?biblionumber=39212 _yKatalog online BPK |
||